000
00294nam a22001217a 4500
008
170324b xxu||||| |||| 00| 0 eng d
041
_a
eng
080
_2
4 ED
_a
615.83
100
_a
8
101
_a
SHM
245
_a
PRACTICAL MEASUREMENTS FOR EVALUATION PHYSICAL
_c
JOHNSON,B.L
942
_2
udc
_c
BK
999
_c
8641
_d
8641